01375nam a22001577a 450000500170000000800410001704000080005804100070006608200120007310000450008524500560013026000380018630000070022452006880023165002980091920160205114253.0160205b xxu||||| |||| 00| 0 eng d aANE aEs aRAD-553 aMoncayo, Ricardoeasambleísta por CREO aRicardo Moncayo: Ley de Declaraciones Patrimoniales aQuitobRadio Sonoramac2016-02-04 ap. aRicardo Moncayo, asambleísta por CREO, en diálogo con Radio Sonorama, comentó sobre el proyecto de Ley para la presentación de las Declaraciones Patrimoniales Juramentadas, la misma que se propone sea presentada vía internet y no ante notario público. Según Moncayo, esta es una Ley que "genera dudas" ya que al no existir una declaración juramentadas por parte de los servidores públicos no habrían elementos para sancionar el delito de perjurio. Indicó además, que "si es que realmente se quiere cambiar se debería poner que este proyecto rige a partir de mayo del 2017. Entonces ahí si nos quitamos esa duda", expresó el legislador de oposición.  ajuramentadas/Asamblea Nacional/movimiento CREO/diálogo/Radio Sonorama/proyecto de ley/Declaraciones Patrimoniales Juramentadas/vía internet/no notario público/ley genera dudas/no existir declaración juramentada/servidores públicos/no habrían elementos/sancionar/delito de perjurio/